Territories controlled by Nazi Germany in 1942 on a Map - Statistics

General Stats
  • This quiz has been taken 507 times
    506 since last reset
  • The average score is 12 of 13
Answers on the Map
Answers color-coded by a green-red scale on the quiz's map according to % correct below.
 
Answer Stats
Answer % Correct
German Reich
99%
Military Administration in France
99%
Reichskommissariat Norwegen
98%
Denmark
97%
Reichskommissariat of Belgium and Northern France
97%
Reichskommissariat Ukraine
97%
Hellenic State (German Occupation)
96%
Reichskommissariat Niederlande
96%
Army Group Rear Area Command
93%
Territory of the Military Commander in Serbia
91%
General Government
90%
Protectorate of Bohemia and Moravia
64%
Reichskommissariat Ostland
45%
No matching quizzes found
Score Distribution
Percent of People with Each Score
Percentile by Number Answered
Your Score History
You have not taken this quiz since the last reset